Eleven essays in the European novel
Gespeichert in:
| 1. Verfasser: | |
|---|---|
| Format: | Buch |
| Sprache: | Undetermined |
| Veröffentlicht: |
New York, Estados Unidos
Harcourt, Brace & World
1964
|
| Schlagworte: | |
| Tags: |
Tag hinzufügen
Keine Tags, Fügen Sie den ersten Tag hinzu!
|
MARC
| LEADER | 00000nam a2200000Ia 4500 | ||
|---|---|---|---|
| 008 | 170316s9999 xx 000 0 und d | ||
| 040 | |a cru BVZT | ||
| 090 | |a 801 B-17e | ||
| 100 | |a Blackmur, R. P. | ||
| 245 | |a Eleven essays in the European novel | ||
| 260 | |a New York, Estados Unidos | ||
| 260 | |b Harcourt, Brace & World | ||
| 260 | |c 1964 | ||
| 300 | |a 243 páginas | ||
| 650 | |a TEORÍA LITERARIA | ||
| 650 | |a CRÍTICA | ||
| 650 | |a TEORÍA LITERARIA | ||
| 999 | |c 4667 |d 4667 | ||
| 942 | |c 15 D |h 801 B-17e |2 z | ||
